| 000 | 00435nam a2200169 a 4500 | ||
|---|---|---|---|
| 005 | 20140310183228.0 | ||
| 008 | 040311s19uu xx 00 eng d | ||
| 020 | _a0385248164 | ||
| 050 |
_aPS 3563.O764 _b.R5 1988 |
||
| 100 | _aMoran, Daniel Keys | ||
| 245 |
_aThe Ring / _cDaniel Keys Moran. |
||
| 260 |
_aNew York : _bDoubleday, _c1988. |
||
| 300 |
_a466 p. : _c24 cm. |
||
| 650 | _aFiction | ||
| 942 |
_cBK _2lcc |
||
| 999 |
_c20447 _d20447 |
||